00459nam a2200193 a 4500001001300000003000900013005001700022008004100039020000800080082001600088100001900104245001900123260003200142300000900174500003500183505001000218650001800228700001900246nice12345678IN_TiNIC20260116011918.0050524s0000 dela grp 000 0 urd  ac300a297.52bAAS aAashiq Ilahi,  aAaina-I-Namaaz aDelhibTaj Publishersc0000 a112p aincludes index and biblioraphy2 aIndex aIslam-Prayers1 aAashiq Ilahi,